书目信息 |
| 题名: |
摄影技术与技巧
|
|
| 作者: | 胡晓阳 , 朱琦 , 李华春 编著 | |
| 分册: | ||
| 出版信息: | 上海 上海人民美术出版社 2009.02 |
|
| 页数: | 164页, [8] 页图版 | |
| 开本: | 26cm | |
| 丛书名: | ||
| 单 册: | ||
| 中图分类: | J41 | |
| 科图分类: | ||
| 主题词: | 摄影技术--she ying ji shu | |
| 电子资源: | ||
| ISBN: | 978-7-5322-5713-3 | |
| 000 | 00905nam0 2200265 450 | |
| 001 | 012009189981 | |
| 005 | 20091011154249.39 | |
| 010 | @a978-7-5322-5713-3@dCNY29.00 | |
| 100 | @a20091011d2009 em y0chiy0120 ea | |
| 101 | 0 | @achi |
| 102 | @aCN@b310000 | |
| 105 | @aaf z 000yy | |
| 106 | @ar | |
| 200 | 1 | @a摄影技术与技巧@Ashe ying ji shu yu ji qiao@f胡晓阳 ... [等] 编著@Fhu xiao yang...[deng]bian zhu |
| 210 | @a上海@c上海人民美术出版社@d2009.02 | |
| 215 | @a164页, [8] 页图版@c图@d26cm | |
| 304 | @a题名页题 : 胡晓阳, 朱琦, 李华春, 陈睦喜编著 | |
| 330 | @a本书收集了数百幅图片,以图文并茂的形式向读者展示了摄影的原理、历史及世界优秀摄影师的佳作。 | |
| 606 | 0 | @a摄影技术@Ashe ying ji shu |
| 690 | @aJ41@v4 | |
| 701 | 0 | @a胡晓阳@Ahu xiao yang@4编著 |
| 701 | 0 | @a朱琦@Azhu qi@4编著 |
| 701 | 0 | @a李华春@Ali hua chun@4编著 |
| 801 | 0 | @aCN@bQSSK@c20091011 |
| 905 | @b761044-46@dJ41@eH518@f3 | |
| 摄影技术与技巧/胡晓阳 ... [等] 编著.-上海:上海人民美术出版社,2009.02 |
| 164页, [8] 页图版:图;26cm |
| ISBN 978-7-5322-5713-3:CNY29.00 |
| 本书收集了数百幅图片,以图文并茂的形式向读者展示了摄影的原理、历史及世界优秀摄影师的佳作。 |
| ● |
| 相关链接 |
|
|
|
正题名:摄影技术与技巧
索取号:J41/H518
 
预约/预借
| 序号 | 登录号 | 条形码 | 馆藏地/架位号 | 状态 | 备注 |
| 1 | 761044 | 207610441 | 社科库309/309社科库 82排4列6层/ [索取号:J41/H518] | 在馆 | |
| 2 | 761045 | 207610450 | 社科库309/309社科库 82排4列6层/ [索取号:J41/H518] | 在馆 | |
| 3 | 761046 | 207610469 | 社科库309/309社科库 82排4列6层/ [索取号:J41/H518] | 在馆 |